| 000 | 00799nam a2200229Ia 4500 | ||
|---|---|---|---|
| 999 |
_c36533 _d36533 |
||
| 001 | 2451 | ||
| 003 | GE_BSU | ||
| 005 | 20230829160347.0 | ||
| 008 | 181216s1990||||ge |||||||||||||| ||geo|| | ||
| 020 | _a5520011516 | ||
| 040 | _cGE_BSU | ||
| 041 | _ageo | ||
| 080 | _a617 დ–78 | ||
| 100 |
_aდოლიძე, ნ. _919721 |
||
| 245 |
_aდეონტოლოგია ქირურგიაში / _cნ. დოლიძე, დ. მშვენიერაძე. |
||
| 264 |
_aთბილისი: _bმეცნიერება, _c1990. |
||
| 300 |
_a283 გვ.; _b19 სმ. |
||
| 653 | _aდეონტოლოგია | ||
| 653 | _aსტომატოლოგია | ||
| 700 |
_aმშვენიერაძე, დ. _eავტორი _9512 |
||
| 942 |
_cBK _2udc |
||